Detalles MARC
| 000 -CABECERA |
| campo de control de longitud fija |
01656nam a2200325 a 4500 |
| 003 - IDENTIFICADOR DEL NÚMERO DE CONTROL |
| campo de control |
DO-SdBNP |
| 005 - FECHA Y HORA DE LA ÚLTIMA TRANSACCIÓN |
| campo de control |
20240223162825.0 |
| 007 - CAMPO FIJO DE DESCRIPCIÓN FÍSICA--INFORMACIÓN GENERAL |
| campo de control de longitud fija |
ta |
| 008 - DATOS DE LONGITUD FIJA--INFORMACIÓN GENERAL |
| campo de control de longitud fija |
220126e2019 dr a|||frf||| 001 0 spa d |
| 020 ## - NÚMERO INTERNACIONAL ESTÁNDAR DEL LIBRO |
| Número Internacional Estándar del Libro |
989945591699 |
| 040 ## - FUENTE DE LA CATALOGACIÓN |
| Centro catalogador/agencia de origen |
DO-SdBNP |
| Lengua de catalogación |
spa |
| Centro/agencia transcriptor |
BNPHU |
| 082 #4 - NÚMERO DE LA CLASIFICACIÓN DECIMAL DEWEY |
| Número de edición |
22 |
| Número de documento/Ítem |
G943p |
| 245 10 - MENCIÓN DE TÍTULO |
| Título |
Guía de precauciones estándares y medidas de aislamiento de pacientes para la prevención de infecciones asociadas a la atención de salud / |
| Mención de responsabilidad, etc. |
Editora, Francini Placencia |
| 260 ## - PUBLICACIÓN, DISTRIBUCIÓN, ETC. |
| Lugar de publicación, distribución, etc. |
Santo Domingo : |
| Nombre del editor, distribuidor, etc. |
Ministerio de Salud Pública, |
| Fecha de publicación, distribución, etc. |
2019 |
| 300 ## - DESCRIPCIÓN FÍSICA |
| Extensión |
59 p. : |
| Otras características físicas |
il. ; |
| Dimensiones |
28 cm. |
| 504 ## - NOTA DE BIBLIOGRAFÍA, ETC. |
| Nota de bibliografía, etc. |
Bibliografía: p. 53 - 54 |
| 505 0# - NOTA DE CONTENIDO CON FORMATO |
| Nota de contenido con formato |
01. Introducción. |
| 505 0# - NOTA DE CONTENIDO CON FORMATO |
| Nota de contenido con formato |
02. Resolución. |
| 505 0# - NOTA DE CONTENIDO CON FORMATO |
| Nota de contenido con formato |
03. Objetivo de la Guía. |
| 505 0# - NOTA DE CONTENIDO CON FORMATO |
| Nota de contenido con formato |
04. Ámbito de Aplicación. |
| 505 0# - NOTA DE CONTENIDO CON FORMATO |
| Nota de contenido con formato |
05. Marco Legal. |
| 505 0# - NOTA DE CONTENIDO CON FORMATO |
| Nota de contenido con formato |
06. Glosario. |
| Título |
07. Cadena de Transmisión de las Enfermedades Infecciosas.-- |
| -- |
08. Medidas de Precaucione Estándares.-- |
| -- |
09. Prevención de Accidentes con Instrumentos Cortopunzantes.-- |
| -- |
10. Manejo del Ambiente y Elementos Relacionados.-- |
| -- |
11. Medidas de Precauciones Adicionales Según Vía de Transmisión.-- |
| -- |
12. Aislamiento Especial.-- |
| -- |
13. Precauciones para Prevenir Infecciones por Microorganismos Multirresistentes.-- |
| -- |
14. Bibliografía.-- |
| -- |
Anexos. |
| 590 ## - NOTA LOCAL (RLIN) |
| Nota local |
Inventariado 2022 / MF |
| 650 #4 - PUNTO DE ACCESO ADICIONAL DE MATERIA--TÉRMINO DE MATERIA |
| 9 (RLIN) |
77851 |
| Término de materia o nombre geográfico como elemento de entrada |
Prevención de la salud |
| Subdivisión de forma |
Guia |
| Subdivisión geográfica |
República Dominicana |
| 650 #0 - PUNTO DE ACCESO ADICIONAL DE MATERIA--TÉRMINO DE MATERIA |
| 9 (RLIN) |
2078 |
| Término de materia o nombre geográfico como elemento de entrada |
Salud Pública |
| Subdivisión geográfica |
República Dominicana |
| 700 ## - PUNTO DE ACCESO ADICIONAL--NOMBRE DE PERSONA |
| 9 (RLIN) |
77840 |
| Nombre de persona |
Placencia, Francini |
| Término indicativo de función/relación |
ed. |
| 710 1# - PUNTO DE ACCESO ADICIONAL--NOMBRE DE ENTIDAD CORPORATIVA |
| Nombre de entidad corporativa o nombre de jurisdicción como elemento de entrada |
República Dominicana. |
| Unidad subordinada |
Ministerio de Salud Pública . |
| -- |
Viceministerio de Garantía de la Calidad |
| 9 (RLIN) |
80212 |
| 910 ## - DATOS DE OPCIÓN DEL USUARIO (OCLC) |
| Datos de opción del usuario |
MFeliz |
| 942 ## - ELEMENTOS DE PUNTO DE ACCESO ADICIONAL (KOHA) |
| Fuente del sistema de clasificación o colocación |
Dewey Decimal Classification |
| Tipo de ítem Koha |
Libro |